[Event "POR-ch U14"]
[Site "Luso"]
[Date "2017.04.12"]
[Round "8"]
[White "Ramos, David Ferreira"]
[Black "Oliveira, Maria Alice Ramos"]
[Result "1-0"]
[WhiteElo "1107"]
[BlackElo "1549"]
[PlyCount "42"]
[EventDate "2017.04.08"]
[EventType "swiss"]
[EventRounds "8"]
[EventCountry "POR"]
[SourceTitle "EXT 2018"]
[Source "ChessBase"]
[SourceDate "2017.10.13"]
[SourceVersion "1"]
[SourceVersionDate "2017.10.13"]
[SourceQuality "1"]

1. e4 d5 2. exd5 Qxd5 3. Nc3 Qd6 4. d4 g6 5. Nf3 Bg7 6. Be3 Nf6 7. Be2 0-0 8. 0-0 h6 9. h3 c6 10. Qd2 Kh7 11. Rfd1 Be6 12. b3 Rd8 13. Bf4 Qd7 14. Bc4 Bxc4 15. bxc4 Nh5 16. Be5 Qe8 17. Bxg7 Nxg7 18. Qe1 Nd7 19. d5 Nf6 20. Qe2 cxd5 21. Nxd5 Rxd5 1-0